| 000 | 00599nam a2200193 4500 | ||
|---|---|---|---|
| 999 |
_c170496 _d170496 |
||
| 005 | 20191216173202.0 | ||
| 010 | _aENG-127162 | ||
| 020 |
_a9788178245404 _c350.00 |
||
| 035 | _aEN-110694 | ||
| 037 | _bDBAD/PUB | ||
| 082 | _a200.1 | ||
| 100 | _aGandhi, Ramchandra | ||
| 245 |
_aThe availability of religious ideas / _cby Ramchandra Gandhi |
||
| 260 |
_aRanikhet _bPermanent Black _c2019 |
||
| 270 |
_aHimalayana, Mall Road, Ranikhet Cantt _bRanikhet _e263645 _mperblack@gmail.com |
||
| 300 |
_a144p . _c21cm(pbk) |
||
| 500 | _aIncludes index | ||
| 942 |
_2ddc _cEN _h200.1 _mGAN |
||